<?xml version="1.0" encoding="UTF-8"?><?xml-stylesheet type="text/xsl" href="static/style.xsl"?><OAI-PMH xmlns="http://www.openarchives.org/OAI/2.0/" xmlns:xsi="http://www.w3.org/2001/XMLSchema-instance" xsi:schemaLocation="http://www.openarchives.org/OAI/2.0/ http://www.openarchives.org/OAI/2.0/OAI-PMH.xsd"><responseDate>2026-04-26T22:06:59Z</responseDate><request verb="GetRecord" identifier="oai:uvadoc.uva.es:10324/1676" metadataPrefix="marc">https://uvadoc.uva.es/oai/request</request><GetRecord><record><header><identifier>oai:uvadoc.uva.es:10324/1676</identifier><datestamp>2021-06-18T09:16:13Z</datestamp><setSpec>com_10324_38</setSpec><setSpec>col_10324_787</setSpec></header><metadata><record xmlns="http://www.loc.gov/MARC21/slim" xmlns:doc="http://www.lyncode.com/xoai" xmlns:xsi="http://www.w3.org/2001/XMLSchema-instance" xmlns:dcterms="http://purl.org/dc/terms/" xsi:schemaLocation="http://www.loc.gov/MARC21/slim http://www.loc.gov/standards/marcxml/schema/MARC21slim.xsd">
<leader>00925njm 22002777a 4500</leader>
<datafield tag="042" ind1=" " ind2=" ">
<subfield code="a">dc</subfield>
</datafield>
<datafield tag="720" ind1=" " ind2=" ">
<subfield code="a">Conde Ruiz, Rebeca</subfield>
<subfield code="e">author</subfield>
</datafield>
<datafield tag="260" ind1=" " ind2=" ">
<subfield code="c">2012</subfield>
</datafield>
<datafield tag="520" ind1=" " ind2=" ">
<subfield code="a">El desarrollo del presente trabajo corresponde con una Evaluación del Riesgo&#xd;
Ambiental de una línea de alta tensión a través de un software diseñado con ese fin.&#xd;
La metodología empleada para llevar a cabo el trabajo está basada en la Norma UNE&#xd;
150008, de Análisis y Evaluación del Riesgo Ambiental, que ha servido como&#xd;
herramienta de trabajo durante todo el proceso de investigación.&#xd;
Para realizar este análisis, se tienen en cuenta las posibles actividades y fuentes de&#xd;
peligro, las sustancias empleadas en las mismas, los escenarios causales, sucesos&#xd;
iniciadores y de consecuencia que desencadenan impacto ambiental.&#xd;
Una vez analizado todo lo anterior, y mediante la metodología descrita en el presente&#xd;
trabajo, se ha realizado la evaluación del riesgo ambiental, obteniendo riesgos bajos y&#xd;
moderados en todas sus actividades.&#xd;
Esto se debe tanto a la baja peligrosidad de los posibles peligros como a la aplicación&#xd;
de medidas preventivas y correctoras que controlan y reducen las consecuencias&#xd;
prejudiciales en las actividades que sí entrañan riesgo.</subfield>
</datafield>
<datafield tag="024" ind2=" " ind1="8">
<subfield code="a">http://uvadoc.uva.es/handle/10324/1676</subfield>
</datafield>
<datafield ind1=" " ind2=" " tag="653">
<subfield code="a">Medio Ambiente</subfield>
</datafield>
<datafield ind1=" " ind2=" " tag="653">
<subfield code="a">Energía eléctrica-Distribución-Alta tensión</subfield>
</datafield>
<datafield tag="245" ind1="0" ind2="0">
<subfield code="a">Evaluación del riesgo ambiental en líneas de alta tensión según la Norma UNE 150008:2008</subfield>
</datafield>
</record></metadata></record></GetRecord></OAI-PMH>